| 000 | 01367nam2a2200277 4500 | ||
|---|---|---|---|
| 001 | RU\NLR\bibl\1051182 | ||
| 005 | 20250615034035.0 | ||
| 010 |
_a5-8119-0282-4 _bкн. 3 |
||
| 010 |
_a5-8119-0244-1 _9200 |
||
| 021 |
_aRU _b2006-89254 _94524 |
||
| 035 | _a(NLR Aleph) 001038495 | ||
| 090 |
_a803573 _c803573 |
||
| 100 | _a20070226d2006 |||y0rusy50 ca | ||
| 101 | 0 | _arus | |
| 102 | _aRU | ||
| 105 | _aa ||||||||| | ||
| 200 | 1 | _aИстория арктического судоходства | |
| 210 |
_d2006 _aБ. м. |
||
| 215 |
_a241 с. _cил. |
||
| 461 | 0 |
_1001RU\NLR\bibl\832528 _12001#$aИстория судоходства в Сибири, Арктике и на Дальнем Востоке$vЧ. 3, кн. 1 _91303402 _aСичкарев, В. И. _cНовосибирск _d2004 _fВ.И. Сичкарев _nНовосибирская государственная академия водного транспорта (НГАВТ) _o[в 3 ч.] _tИстория судоходства в Сибири, Арктике и на Дальнем Востоке _vЧ. 3, кн. 1 |
|
| 606 | 1 |
_aМорское судоходство _xИстория _xАрктические моря _92468124 _3RU\NLR\auth\661466090 |
|
| 801 | 0 |
_aRU _bNLR _c20070226 _gRCR |
|
| 801 | 1 |
_aRU _bNLR _c20070226 |
|
| 942 | _cBOOK | ||
| 980 | _aNB | ||